| 000 | 00409nam a2200157Ia 4500 | ||
|---|---|---|---|
| 008 | 210210b1978 xxu||||| |||| 00| 0 eng d | ||
| 082 | _a793 STEB | ||
| 100 | _aSTEPHEN (Joseph). | ||
| 245 | _aBumper book of universal indoor games. Ed 1. | ||
| 250 | _a | ||
| 260 |
_aNew Delhi. _bUniversal Publications., _c1978 |
||
| 300 | _a190 | ||
| 650 | _aIndoor Games | ||
| 690 | _aIndoor Games | ||
| 906 | _aSG01901 | ||
| 999 |
_c113017 _d113017 |
||